[Event "Vrnjacka Banja"]
[Site "Vrnjacka Banja"]
[Date "1985.??.??"]
[Round "?"]
[White "Matulovic, Milan"]
[Black "Damljanovic, Branko"]
[Result "1/2-1/2"]
[WhiteElo "2435"]
[BlackElo "2410"]

1.e4 c5 2.Nf3 Nc6 3.d4 cxd4 4.Nxd4 Nf6 5.Nc3 d6 6.Bg5 e6 7.Qd2 Be7 8.O-O-O O-O
9.f4 h6 10.Bh4 e5 11.Nf5 Bxf5 12.exf5 exf4 13.Kb1 d5 14.Qxf4 d4 15.Bxf6 Bxf6
16.Ne4 Be5 17.Qf3 Rc8 18.Bc4 b5 19.Bd3 Nb4 20.f6 Qd5 21.b3 Qc6 22.Rhf1 Nxd3
23.cxd3 Qc2+ 24.Ka1 g6 25.Rde1 Rfe8 26.Rf2 Qc6 27.Qh3 h5 28.g4 Bd6 29.gxh5 Ba3
30.Rb1 Qc1 31.Qf1 Qc7 32.Qe1 Rxe4 33.Qxe4 Qc3+ 34.Rfb2 Bxb2+ 35.Rxb2 Qc1+
36.Rb1 Qc3+ 37.Rb2 Qc1+  1/2-1/2

[Event "Vrsac"]
[Site "Vrsac"]
[Date "1985.??.??"]
[Round "?"]
[White "Matulovic, Milan"]
[Black "Martinovic, Slobodan"]
[Result "1-0"]
[WhiteElo "2435"]
[BlackElo "2430"]

1.e4 c5 2.Nf3 d6 3.d4 cxd4 4.Nxd4 Nf6 5.Nc3 Nc6 6.Bg5 e6 7.Qd2 a6 8.O-O-O h6
9.Bf4 Bd7 10.Nxc6 Bxc6 11.Qe1 Qc7 12.Nd5 Bxd5 13.exd5 Rc8 14.c3 e5 15.Kb1 Be7
16.Bc1 O-O 17.h4 Rfe8 18.Be2 Bf8 19.g4 g6 20.g5 hxg5 21.hxg5 Nd7 22.Rd3 Bg7
23.Rdh3 e4 24.Qg1 Be5 25.Rh4 Nc5 26.Bf4 Kf8 27.Qg3 Ke7 28.Rh7 Kd8 29.Bg4 Rb8
30.Bxe5 Rxe5 31.Qf4 Nd3 32.Rh8+ Re8 33.Rxe8+ Kxe8 34.Rh8+  1-0

[Event "OHRA"]
[Site "Amsterdam"]
[Date "1986.??.??"]
[Round "?"]
[White "Hellers, Ferdinand"]
[Black "Van der Wiel, John TH"]
[Result "0-1"]
[WhiteElo "2440"]
[BlackElo "2570"]

1.e4 c5 2.Nf3 d6 3.d4 cxd4 4.Nxd4 Nf6 5.Nc3 Nc6 6.Bg5 e6 7.Qd2 a6 8.O-O-O Bd7
9.f4 b5 10.Bxf6 gxf6 11.Nxc6 Bxc6 12.Qe1 Be7 13.Bd3 Qb6 14.Kb1 h5 15.f5 Qc5
16.Qg3 Kd7 17.Qh3 Rag8 18.Rhe1 Rg5 19.fxe6+ fxe6 20.Nd5 Rg4 21.Ne3 Rxe4 22.Bxe4 Bxe4
23.Qg3 f5 24.Qg7 Rc8 25.g3 a5 26.Rd2 d5 27.Ree2 b4 28.Qe5 a4 29.Qd4 Qxd4
30.Rxd4 Bc5 31.Rdd2 b3 32.axb3 axb3 33.Kc1 Ra8 34.Rd1 Bf3 35.Rde1 Bxe2 36.Rxe2 Rc8
37.c3 Bxe3+ 38.Rxe3 Kd6 39.Kd2 Rc4 40.Re1 Ra4 41.Kd3 h4 42.Re2 hxg3 43.hxg3 Rg4
44.Re3 e5 45.Ke2 Re4 46.Rxe4 fxe4  0-1

[Event "Biel-JMT"]
[Site "Biel"]
[Date "1986.??.??"]
[Round "?"]
[White "Trepp, Markus"]
[Black "Csom, Istvan"]
[Result "1-0"]
[WhiteElo "2380"]
[BlackElo "2505"]

1.e4 c5 2.Nf3 d6 3.d4 cxd4 4.Nxd4 Nf6 5.Nc3 Nc6 6.Bg5 Bd7 7.Nb3 a6 8.f4 e6
9.Qd3 h6 10.Bh4 g5 11.fxg5 Nh5 12.Qd2 Be7 13.Bf2 hxg5 14.Na4 Ne5 15.Nb6 Ng3
16.Bxg3 Qxb6 17.O-O-O Qc7 18.Kb1 b5 19.Nd4 Rc8 20.Bd3 Qb7 21.Rhf1 Rc7 22.Qf2 Rh7
23.Bxe5 dxe5 24.Nf3 f6 25.h4 gxh4 26.Nxh4 Rg7 27.Qf3 Rg5 28.Qh3 Rh5 29.Qg4 Rg5
30.Qh3 Rh5 31.Be2 Rh8 32.Qg4 Qc6 33.Bd3 Qc5 34.Ng6 Rg8 35.Qh5 Kd8 36.Qh7 Re8
37.Qh6 Kc8 38.Nxe7+ Qxe7 39.Rxf6 Kb8 40.g4 Qc5 41.Qd2 Bc8 42.g5 Rg8 43.g6 Rcg7
44.Qh6 a5 45.Be2 a4 46.a3 b4 47.axb4 Qxb4 48.Qg5 Qa5 49.Qg3 Rb7 50.Qa3 Rb4
51.Bg4 Rg7 52.c3 Rb3 53.Qd6+ Rc7 54.Rf7 Rxb2+ 55.Ka1 Rb7 56.Rxc7 Rxc7 57.Qb4+ Qxb4
58.cxb4 Rg7 59.Bh5 Bd7 60.Rf1 Kc7 61.Rf7 Rg8 62.g7 Kd6 63.Bg6 Be8 64.Rf8 Rxg7
65.Bxe8 Rg4 66.Rf7 Rg8 67.Bb5 Rg1+ 68.Ka2 Rg2+ 69.Kb1  1-0

[Event "Biel-JMT"]
[Site "Biel"]
[Date "1986.??.??"]
[Round "?"]
[White "Gruenfeld, Yehuda"]
[Black "Trepp, Markus"]
[Result "1/2-1/2"]
[WhiteElo "2550"]
[BlackElo "2380"]

1.e4 c5 2.Nf3 Nc6 3.d4 cxd4 4.Nxd4 Nf6 5.Nc3 d6 6.Bg5 e6 7.Qd2 Be7 8.O-O-O Nxd4
9.Qxd4 O-O 10.Be2 Bd7 11.Bxf6 Bxf6 12.Qxd6 Bxc3 13.bxc3 Qg5+ 14.Qd2 Qxd2+
15.Rxd2 Bc6 16.f3 Rfc8 17.Rhd1 Kf8 18.Rd4 Be8 19.Rb4 b6 20.Kb2 Rc5 21.Rc4 Rg5
22.Bf1 Bb5 23.f4 Bxc4 24.fxg5 Bxf1 25.Rxf1 Rd8 26.Kc1 Rc8 27.Rf3 Rc5 28.h4 Re5
29.Re3 Ke7 30.a3 Ra5 31.Kb2 Ra4 32.g3 e5 33.Kb3 b5 34.c4 Rxc4 35.Rc3 Rxc3+
36.Kxc3 a5 37.Kb3 Kd6 38.c4 Kc5 39.cxb5 Kxb5 40.a4+ Kc5 41.Kc3 h6 42.gxh6 gxh6  1/2-1/2

[Event "JUG-ch"]
[Site "Budva"]
[Date "1986.??.??"]
[Round "?"]
[White "Ivanovic, Bozidar"]
[Black "Popovic, Petar"]
[Result "0-1"]
[WhiteElo "2485"]
[BlackElo "2540"]

1.e4 c5 2.Nf3 d6 3.d4 cxd4 4.Nxd4 Nf6 5.Nc3 Nc6 6.Bg5 e6 7.Qd2 Be7 8.O-O-O O-O
9.Nb3 a6 10.Bxf6 gxf6 11.h4 b5 12.g4 Kh8 13.g5 Rg8 14.Kb1 Bb7 15.f4 Nb8 16.Bd3 Nd7
17.Rhg1 b4 18.Ne2 a5 19.gxf6 Rxg1 20.Rxg1 Bxf6 21.Nbd4 Nc5 22.Qe3 Bg7 23.Nf3 Nxd3
24.cxd3 a4 25.Ng5 Qe7 26.e5 dxe5 27.fxe5 f6 28.exf6 Qxf6 29.Nd4 Bd5 30.Ngf3 a3
31.bxa3 bxa3 32.Rg4 e5 33.Qg5 Rb8+ 34.Kc2 h6 35.Qxf6 Bxf6 36.Rg6 Rf8 37.Rxh6+ Kg8
38.Rh5 Rc8+ 39.Kd2 Bxa2 40.Nb5 Bf7 41.Rf5 a2  0-1

[Event "JUG-ch"]
[Site "Budva"]
[Date "1986.??.??"]
[Round "?"]
[White "Kosanovic, Goran A"]
[Black "Martinovic, Slobodan"]
[Result "1/2-1/2"]
[WhiteElo "2350"]
[BlackElo "2425"]

1.e4 c5 2.Nf3 d6 3.d4 cxd4 4.Nxd4 Nf6 5.Nc3 Nc6 6.Bg5 e6 7.Qd2 a6 8.O-O-O Bd7
9.Be2 b5 10.Nxc6 Bxc6 11.Qe3 Qe7 12.Bf3 Qa7 13.Qe2 Nd7 14.e5 Bxf3 15.gxf3 dxe5
16.Rd2 Be7 17.Bxe7 Kxe7 18.Rhd1 Rhd8 19.Qe4 Nf6 20.Qb4+ Ke8 21.a4 Rxd2 22.Rxd2 Qe7
23.Qa5 bxa4 24.Qxa4+ Kf8 25.Qc6 Qe8 26.Qc5+ Kg8 27.Qxe5 Qc6 28.Qf4 h6 29.Rd1 a5
30.Rg1 Kh8 31.Ne4 Rc8 32.c3 Nxe4 33.fxe4 f6 34.e5 f5 35.Rd1 Qb5 36.Qd4 Rb8
37.Rd2 a4 38.Qd6  1/2-1/2

[Event "JUG-ch"]
[Site "Budva"]
[Date "1986.??.??"]
[Round "?"]
[White "Dzevlan, Miralem"]
[Black "Ivanovic, Bozidar"]
[Result "1-0"]
[WhiteElo "2305"]
[BlackElo "2485"]

1.e4 c5 2.Nf3 Nc6 3.d4 cxd4 4.Nxd4 Nf6 5.Nc3 d6 6.Bg5 e6 7.Qd2 a6 8.O-O-O h6
9.Bf4 Bd7 10.Nxc6 Bxc6 11.Qe1 Be7 12.h4 Qc7 13.e5 d5 14.Ne2 Nd7 15.Nd4 Bf6
16.Nf3 Be7 17.Nd4 Bf6 18.Nf3 g6 19.Kb1 Bg7 20.Qe3 O-O-O 21.Bd3 Nb6 22.Nd4 Nc4
23.Qe2 Bd7 24.Rhe1 Kb8 25.c3 Rc8 26.h5 g5 27.Bg3 Bf8 28.f4 gxf4 29.Bxf4 Ka8
30.Rf1 Be8 31.g4 Be7 32.Rg1 Qb6 33.Bxc4 Rxc4 34.Ka1 Qa5 35.g5 hxg5 36.Bxg5 Bxg5
37.Rxg5 Qc7 38.Rdg1 Ka7 39.Qe3 b6 40.Rg8 Rxg8 41.Rxg8 Qe7 42.Qf2 Qd7 43.h6 Ra4
44.b3 Qc7 45.Kb2  1-0

[Event "JUG-ch"]
[Site "Budva"]
[Date "1986.??.??"]
[Round "?"]
[White "Martinovic, Slobodan"]
[Black "Popovic, Petar"]
[Result "0-1"]
[WhiteElo "2425"]
[BlackElo "2540"]

1.e4 c5 2.Nf3 d6 3.d4 cxd4 4.Nxd4 Nf6 5.Nc3 Nc6 6.Bg5 e6 7.Qd2 Be7 8.O-O-O O-O
9.Nb3 Qb6 10.f3 a6 11.h4 Rd8 12.h5 Qc7 13.h6 g6 14.Qf4 Ne8 15.Bxe7 Qxe7 16.Qe3 b5
17.Be2 Rb8 18.f4 Qc7 19.Bf3 b4 20.Ne2 a5 21.Nbd4 Nxd4 22.Rxd4 Ba6 23.Kb1 Rdc8
24.Rc1 Qb6 25.e5 d5 26.f5 Bxe2 27.Bxe2 exf5 28.g4 fxg4 29.Qf4 Nc7 30.Bxg4 Rf8
31.Rf1 Rbd8 32.Rd3 d4 33.Rfd1 Nd5 34.Qf2 Nc3+ 35.Ka1 Nxd1 36.Rxd1 f5 37.Be2 Qe6
38.Qf1 Qxe5 39.Bc4+ Kh8 40.Re1 Qc7 41.Re6 Rde8 42.Qe2 Rxe6  0-1

[Event "Dresden Post"]
[Site "Dresden"]
[Date "1986.??.??"]
[Round "?"]
[White "Kaminski, Uwe"]
[Black "Dobos, Jozsef"]
[Result "1/2-1/2"]
[WhiteElo "2330"]
[BlackElo "2320"]

1.e4 c5 2.Nf3 d6 3.d4 cxd4 4.Nxd4 Nf6 5.Nc3 Nc6 6.Bg5 e6 7.Qd2 Be7 8.O-O-O O-O
9.Nb3 Qb6 10.f3 Rd8 11.Be3 Qc7 12.Qf2 Nd7 13.h4 a6 14.g4 b5 15.g5 Bb7 16.Kb1 Nce5
17.h5 Nc5 18.a3 Rac8 19.Rc1 Bf8 20.Be2 Rb8 21.f4 Nc4 22.Bxc4 bxc4 23.Nxc5 dxc5
24.Rcd1 Rxd1+ 25.Rxd1 Bxe4 26.Bc1 Bf5 27.Qh2 Qb7 28.Ka2 Qc7 29.Kb1  1/2-1/2

[Event "Dubai ol (Men)"]
[Site "Dubai"]
[Date "1986.??.??"]
[Round "2"]
[White "Braga, Fernando"]
[Black "Rivera, Daniel"]
[Result "0-1"]
[WhiteElo "2480"]
[BlackElo "2265"]

1.e4 c5 2.Nf3 Nc6 3.d4 cxd4 4.Nxd4 Nf6 5.Nc3 d6 6.Bg5 e6 7.Qd2 Be7 8.O-O-O O-O
9.f3 a6 10.Kb1 d5 11.exd5 Nxd5 12.Bxe7 Ncxe7 13.Nxd5 Nxd5 14.c4 Nf6 15.Nb3 Bd7
16.Nc5 Bc6 17.Qxd8 Rfxd8 18.Be2 Kf8 19.Rxd8+ Rxd8 20.Rd1 Rxd1+ 21.Bxd1 Ke7
22.b4 Kd6 23.Kb2 a5 24.Nd3 axb4 25.Nxb4 Kc5 26.Kc3 Nd7 27.Nxc6 bxc6 28.f4 Nb6
29.Bb3 Nc8 30.Bc2 g6 31.a4 Nd6 32.Bd3 Nb7 33.g4 Na5 34.f5 exf5 35.gxf5 Nb7
36.h4 Na5 37.f6 Nb7 38.h5 gxh5 39.Bxh7 Nd6 40.Bd3 h4 41.Bf1 Ne4+ 42.Kd3 Nxf6
43.a5 Nd7 44.Ke4 Kb4 45.Kf5 Kxa5 46.Kg5 Kb4 47.Kxh4 Ne5 48.Kg5 Nxc4 49.Kf6 Nd6
50.Ke7 Kc5 51.Kf6 Kd4 52.Be2 c5 53.Bd1 c4  0-1

[Event "Agria op"]
[Site "Eger"]
[Date "1986.??.??"]
[Round "?"]
[White "Feher, Gyula"]
[Black "Titz, Heimo"]
[Result "1-0"]
[WhiteElo "2345"]
[BlackElo "2290"]

1.e4 c5 2.Nf3 Nc6 3.d4 cxd4 4.Nxd4 Nf6 5.Nc3 d6 6.Bg5 e6 7.Qd2 a6 8.O-O-O h6
9.Bf4 Bd7 10.Nxc6 Bxc6 11.Qe2 Qc7 12.Nd5 Bxd5 13.exd5 e5 14.Bg3 Be7 15.f4 exf4
16.Bxf4 O-O 17.Qf3 Nd7 18.Bd3 Ne5 19.Bxe5 dxe5 20.g4 Bg5+ 21.Kb1 Rad8 22.Qe4 g6
23.h4 Bf4 24.h5 f5 25.Qe2 fxg4 26.Qxg4 g5 27.Qe6+ Qf7 28.Qxh6 g4 29.Qb6 Kh8
30.Be4 Rd7 31.c4 g3 32.Rd3 Qg7 33.Qg6 Rf6 34.Qxg7+ Kxg7 35.c5 Kf7 36.h6 Rxh6
37.Rxh6 Bxh6 38.Rxg3 Bg7 39.Rg6  1-0

[Event "Elenite op"]
[Site "Elenite"]
[Date "1986.??.??"]
[Round "?"]
[White "Nikolov, Sasho"]
[Black "Ermenkov, Evgenij"]
[Result "1/2-1/2"]
[WhiteElo "2315"]
[BlackElo "2430"]

1.e4 c5 2.Nf3 d6 3.d4 Nf6 4.Nc3 cxd4 5.Nxd4 Nc6 6.Bg5 e6 7.Qd2 a6 8.O-O-O Bd7
9.f4 h6 10.Bh4 g5 11.fxg5 Ng4 12.Nf3 Be7 13.g3 Nxh2 14.Rxh2 hxg5 15.Nxg5 Bxg5
16.Bxg5 Rxh2 17.Bxd8 Rxd2 18.Rxd2 Kxd8 19.Rxd6 Ne5 20.Be2 Ke7 21.Rd1 Rh8
22.Kd2 Rh2 23.Ke3 Bc6 24.Rf1 b5 25.b4 Rg2 26.Kf4 Nc4 27.Kf3 Rh2 28.Rf2  1/2-1/2

[Event "ISL-ch"]
[Site "Grundarfjordur"]
[Date "1986.??.??"]
[Round "1"]
[White "Arnason, Jon L"]
[Black "Olafsson, David"]
[Result "1-0"]
[WhiteElo "2500"]
[BlackElo "2325"]

1.e4 c5 2.Nf3 d6 3.d4 cxd4 4.Nxd4 Nf6 5.Nc3 Nc6 6.Bg5 e6 7.Qd2 Be7 8.O-O-O O-O
9.Nb3 a6 10.Bxf6 gxf6 11.Qh6 Kh8 12.Qh5 Qe8 13.f4 Rg8 14.g4 b5 15.Bd3 Rg7
16.h4 Nb4 17.Be2 Bd7 18.g5 Rc8 19.a3 Nc6 20.gxf6 Bxf6 21.e5 dxe5 22.Ne4 Be7
23.fxe5 Nb8 24.Nf6 Qd8 25.Rhf1 Bxf6 26.exf6 Rg2 27.Qxf7 Qe8 28.Qxe8+ Bxe8
29.Bd3 Bg6 30.Bxg6 hxg6 31.Nc5 Rxc5 32.Rd8+ Kh7 33.f7 Rcxc2+ 34.Kd1 Rxb2
35.Rh8+  1-0

[Event "ISL-ch"]
[Site "Grundarfjordur"]
[Date "1986.??.??"]
[Round "3"]
[White "Thorhallsson, Throstur"]
[Black "Olafsson, David"]
[Result "1/2-1/2"]
[WhiteElo "2245"]
[BlackElo "2325"]

1.e4 c5 2.Nf3 d6 3.d4 cxd4 4.Nxd4 Nf6 5.Nc3 Nc6 6.Bg5 e6 7.Qd2 Be7 8.O-O-O O-O
9.f4 e5 10.Nf5 Bxf5 11.exf5 exf4 12.Qxf4 d5 13.Kb1 d4 14.Bxf6 Bxf6 15.Ne4 Be5  1/2-1/2

[Event "ISL-ch"]
[Site "Grundarfjordur"]
[Date "1986.??.??"]
[Round "7"]
[White "Hansson, Dan"]
[Black "Olafsson, David"]
[Result "1/2-1/2"]
[WhiteElo "2280"]
[BlackElo "2325"]

1.e4 c5 2.Nf3 Nc6 3.d4 cxd4 4.Nxd4 Nf6 5.Nc3 d6 6.Bg5 e6 7.Qd2 a6 8.O-O-O h6
9.Be3 Be7 10.f3 Nxd4 11.Qxd4 e5 12.Qd2 Be6 13.Nd5 Nxd5 14.exd5 Bd7 15.Kb1 O-O
16.f4  1/2-1/2

[Event "ISL-ch"]
[Site "Grundarfjordur"]
[Date "1986.??.??"]
[Round "10"]
[White "Jonsson, Bjorgvin"]
[Black "Olafsson, David"]
[Result "1-0"]
[WhiteElo "2290"]
[BlackElo "2325"]

1.e4 c5 2.Nf3 Nc6 3.d4 cxd4 4.Nxd4 Nf6 5.Nc3 d6 6.Bg5 e6 7.Qd2 a6 8.O-O-O h6
9.Be3 Be7 10.f3 O-O 11.g4 d5 12.h4 Ne8 13.exd5 exd5 14.g5 h5 15.Nb3 Nc7 16.Nxd5 Nxd5
17.Qxd5 Qc7 18.Qe4 Re8 19.Bf4 Qb6 20.Bc4 Nd8 21.Rd6 Bxd6 22.Qxe8+ Kh7 23.g6+ Kxg6
24.Bd3+ Bf5 25.Bxf5+  1-0

[Event "Jerusalem"]
[Site "Jerusalem"]
[Date "1986.??.??"]
[Round "?"]
[White "Murrey, Jacob"]
[Black "Gurevich, Dmitry"]
[Result "0-1"]
[WhiteElo "2490"]
[BlackElo "2505"]

1.e4 c5 2.Nf3 Nc6 3.d4 cxd4 4.Nxd4 Nf6 5.Nc3 d6 6.Bg5 e6 7.Qd2 Be7 8.O-O-O Nxd4
9.Qxd4 O-O 10.f4 Qa5 11.Bc4 Bd7 12.e5 dxe5 13.fxe5 Bc6 14.Bd2 Nd7 15.Nd5 Qd8
16.Nxe7+ Qxe7 17.h4 Qc5 18.Qxc5 Nxc5 19.Bb4 Rfc8 20.Bxc5 Bxg2 21.Rh2 Rxc5
22.Bxe6 Bc6 23.Bd7 Rxe5 24.Bxc6 bxc6 25.Rd7 a5 26.Rc7 Rc5 27.Rd2 Rc4 28.b3 Rxh4
29.Rxc6 h5 30.c4 Rh1+ 31.Kb2 h4 32.Rcd6 g6 33.c5 Kg7 34.c6 Rc8 35.Rc2 h3
36.Ka3 Rg1 37.Rh2 Rc1 38.Rxh3 R8xc6 39.Rd5 R6c5 40.Rxc5 Rxc5 41.b4 Rb5 42.bxa5 Rxa5+
43.Kb3 g5 44.a4 g4 45.Rh1 f5 46.Kb4 Ra8 47.Ra1 Kf6 48.Kc3 Rd8 49.a5 g3 50.a6 f4
51.a7 g2 52.Rd1 Re8 53.Kd2 Kf5 54.Ra1 f3 55.Re1 Rd8+ 56.Ke3 Kg4 57.Kf2 Rd2+  0-1

[Event "Jerusalem"]
[Site "Jerusalem"]
[Date "1986.??.??"]
[Round "?"]
[White "Agdestein, Simen"]
[Black "Sosonko, Gennadi"]
[Result "1/2-1/2"]
[WhiteElo "2545"]
[BlackElo "2530"]

1.e4 c5 2.Nf3 Nc6 3.d4 cxd4 4.Nxd4 Nf6 5.Nc3 d6 6.Bg5 e6 7.Qd2 Be7 8.O-O-O Nxd4
9.Qxd4 O-O 10.e5 dxe5 11.Qxe5 Qe8 12.h4 Bd7 13.f3 Rc8 14.Be3 a6 15.Bd4 Bc6
16.Be2 Qd8 17.Kb1 Qc7 18.Qxc7  1/2-1/2

[Event "Jerusalem"]
[Site "Jerusalem"]
[Date "1986.??.??"]
[Round "?"]
[White "Gruenfeld, Yehuda"]
[Black "Sosonko, Gennadi"]
[Result "1/2-1/2"]
[WhiteElo "2550"]
[BlackElo "2530"]

1.e4 c5 2.Nf3 Nc6 3.d4 cxd4 4.Nxd4 Nf6 5.Nc3 d6 6.Bg5 e6 7.Qd2 Be7 8.O-O-O Nxd4
9.Qxd4 O-O 10.f4 Qa5 11.Bc4 Bd7 12.e5 dxe5 13.fxe5 Bc6 14.Bd2 Nd7 15.Nd5 Qd8
16.Nxe7+ Qxe7 17.Rhe1 Rfd8 18.Bf1 Nf8 19.Qg4 Ng6 20.Re3 Rd5  1/2-1/2

[Event "Leiden m"]
[Site "Leiden"]
[Date "1986.??.??"]
[Round "1"]
[White "Van der Wiel, John TH"]
[Black "Piket, Jeroen"]
[Result "1-0"]
[WhiteElo "2555"]
[BlackElo "2410"]

1.e4 c5 2.Nf3 d6 3.d4 cxd4 4.Nxd4 Nf6 5.Nc3 Nc6 6.Bg5 e6 7.Qd2 h6 8.Bxf6 gxf6
9.Be2 h5 10.O-O a6 11.Kh1 Bd7 12.f4 Qc7 13.Rf3 Nxd4 14.Qxd4 Be7 15.Rd1 h4
16.Rfd3 Rd8 17.Qe3 Qc5 18.Qh3 b5 19.a3 a5 20.R3d2 Rb8 21.Bg4 b4 22.axb4 Rxb4
23.f5 Qe5 24.b3 Kf8 25.Rd3 a4 26.bxa4 Bxa4 27.Nxa4 Rxe4 28.Rg1 Rxa4 29.fxe6 Rg8
30.Re3 Qf4 31.Bh5 Rg5 32.exf7 Rc4 33.Qd7 Rxh5 34.Qxe7+  1-0

[Event "Leningrad tt"]
[Site "Leningrad"]
[Date "1986.??.??"]
[Round "?"]
[White "Tseitlin, Mark D"]
[Black "Epishin, Vladimir"]
[Result "0-1"]
[WhiteElo "2445"]
[BlackElo "2370"]

1.e4 c5 2.Nf3 Nc6 3.d4 cxd4 4.Nxd4 Nf6 5.Nc3 d6 6.Bg5 e6 7.Qd2 a6 8.O-O-O h6
9.Be3 Bd7 10.f3 b5 11.Kb1 Nxd4 12.Bxd4 b4 13.Ne2 e5 14.Be3 Qa5 15.g4 Be6
16.Nc1 d5 17.Nb3 Qc7 18.g5 hxg5 19.Bxg5 d4 20.Bd3 a5 21.Bb5+ Bd7 22.Qe2 Qb6
23.Bc4 Be7 24.Rhg1 Nh5 25.Bd2 a4 26.Nc1 Rc8 27.f4 exf4 28.b3 g5 29.Nd3 Rxc4
30.bxc4 Be6 31.c5 Qb5 32.Bxb4 a3 33.c3 dxc3 34.Rc1 Bc4 35.Rxc3 Qxb4+ 36.Nxb4 Bxe2
37.Nd5 f3 38.c6 f2 39.Rgc1 f1=Q 40.Rxf1 Bxf1 41.c7 Ba6 42.c8=Q+ Bxc8 43.Rxc8+ Bd8
44.Ra8 Nf4 45.Nf6+ Ke7 46.Ng4 Rh4 47.Ne5 Bc7 48.Nf3 Rh3 49.Nxg5 Rc3  0-1

[Event "GLC Masters"]
[Site "London"]
[Date "1986.??.??"]
[Round "9"]
[White "Gallagher, Joseph G"]
[Black "Needham, Teresa"]
[Result "1/2-1/2"]
[WhiteElo "2325"]
[BlackElo "2120"]

1.e4 c5 2.Nf3 Nc6 3.d4 cxd4 4.Nxd4 Nf6 5.Nc3 d6 6.Bg5 e6 7.Qd2 Be7 8.O-O-O O-O
9.Nb3 Qb6 10.f3 Rd8 11.h4 d5 12.exd5 Nxd5 13.Nxd5 Rxd5 14.Bd3 Nb4 15.Qe2 Nxd3+
16.Rxd3 Rxd3 17.Qxd3 Bf8 18.Rd1 e5 19.Be3 Qc6 20.Qd5 Qxd5 21.Rxd5 f6 22.Rd8 b6
23.a4 Bb7 24.Rxa8  1/2-1/2

[Event "GLC Masters"]
[Site "London"]
[Date "1986.??.??"]
[Round "10"]
[White "Jacobs, Byron A"]
[Black "Needham, Teresa"]
[Result "1-0"]
[WhiteElo "2295"]
[BlackElo "2120"]

1.e4 c5 2.Nf3 Nc6 3.d4 cxd4 4.Nxd4 Nf6 5.Nc3 d6 6.Bg5 e6 7.Qd2 Be7 8.O-O-O O-O
9.Nb3 a5 10.Nd4 d5 11.exd5 Nxd5 12.Bxe7 Ncxe7 13.Nxd5 Qxd5 14.Kb1 Rd8 15.Be2 e5
16.Nb3 Qxd2 17.Nxd2 Be6 18.Nc4 Nc6 19.c3 Bd5 20.f3 Be6 21.Nb6 Rab8 22.Bb5 Kf8
23.b3 Ke7 24.Kb2 f6 25.Ka3 Na7 26.Ka4 Nc8 27.Kxa5 Nxb6 28.Kxb6 Bf5 29.Rxd8 Rxd8
30.Kxb7 Rd2 31.a4 Kd8 32.a5 e4 33.Re1 Rd5 34.c4 Rd4 35.a6 Bc8+ 36.Kb6 Rd6+
37.Kc5 Kc7 38.Rxe4  1-0

[Event "GLC Masters"]
[Site "London"]
[Date "1986.??.??"]
[Round "15"]
[White "Mannion, Stephen R"]
[Black "Carlier, Bruno"]
[Result "0-1"]
[WhiteElo "2260"]
[BlackElo "2315"]

1.e4 c5 2.Nf3 Nc6 3.d4 cxd4 4.Nxd4 Nf6 5.Nc3 d6 6.Bg5 Qb6 7.Nb3 e6 8.Qd2 a6
9.O-O-O Be7 10.f3 O-O 11.h4 Rd8 12.g4 Qc7 13.Kb1 b5 14.Be3 Ne5 15.Qf2 Rb8
16.g5 Nfd7 17.Bd4 b4 18.Ne2 Bb7 19.Ng3 a5 20.f4 a4 21.Nc1 Nc6 22.Be3 Na5
23.f5 Nc5 24.f6 Bf8 25.Bg2 Rdc8 26.Rhg1 b3 27.cxb3 axb3 28.a3 Nxe4 29.Nxe4 Qc2+
30.Ka1 Bxe4 31.Bxe4 Qxe4 32.h5 Rc2 33.Qf4 Qxf4 34.Bxf4 Nc4 35.Nd3 e5 36.Bg3 e4
37.Nb4 Rxb2 38.Rd4 Rxb4 39.axb4 Ra2+ 40.Kb1 Na3+ 41.Kc1 b2+  0-1

[Event "Lugano op"]
[Site "Lugano"]
[Date "1986.??.??"]
[Round "?"]
[White "Spraggett, Kevin"]
[Black "Mednis, Edmar John"]
[Result "1/2-1/2"]
[WhiteElo "2535"]
[BlackElo "2455"]

1.e4 c5 2.Nf3 Nc6 3.d4 cxd4 4.Nxd4 Nf6 5.Nc3 d6 6.Bg5 e6 7.Qd2 a6 8.O-O-O Bd7
9.f4 b5 10.Bxf6 gxf6 11.Nxc6 Bxc6 12.Qe1 Qe7 13.Bd3 Bb7 14.Kb1 O-O-O 15.a4 b4
16.Na2 a5 17.c3 d5 18.cxb4 axb4 19.exd5 Rxd5 20.Qe3 Qd7 21.Rc1+ Kb8 22.Be4 Rd4
23.Bxb7 Kxb7 24.Qf3+ Qd5 25.Qxd5+ exd5 26.Rhd1 Rxd1 27.Rxd1 Kc6 28.Rd4 b3
29.Nc1 Bc5 30.Rd3 Bd6 31.Rc3+ Kd7 32.Nxb3 Bxf4 33.Nc5+ Kd6 34.Nb7+ Kd7 35.a5 Bxh2
36.a6 Be5 37.Rc2 d4 38.b4 d3 39.Rc4 Rg8 40.Nc5+ Kc6 41.Nxd3+ Kb5  1/2-1/2

[Event "URS-ch sf"]
[Site "Lvov"]
[Date "1986.??.??"]
[Round "106"]
[White "Vitolinsh, Alvis"]
[Black "Lisenko, Alexander V"]
[Result "0-1"]
[WhiteElo "2415"]
[BlackElo "2370"]

1.e4 c5 2.Nf3 Nc6 3.d4 cxd4 4.Nxd4 Nf6 5.Nc3 d6 6.Bg5 e6 7.Qd2 Be7 8.O-O-O Nxd4
9.Qxd4 O-O 10.e5 dxe5 11.Qxe5 Qe8 12.Bb5 Bd7 13.Bxf6 Bxf6 14.Bxd7 Bxe5 15.Bxe8 Rfxe8
16.Rd7 Rab8 17.Rhd1 Kf8 18.Ne4 Re7 19.R7d3 f5 20.Nc5 Bf4+ 21.Kb1 Rc8 22.Nb3 e5
23.Rd5 g6 24.Nc5 e4 25.g3 Bc7 26.c4 f4 27.Re1 e3 28.fxe3 fxg3 29.hxg3 Bxg3
30.Rf1+ Kg7 31.Rf3 Bh2 32.b3 Rce8 33.Kc2 Bg1 34.b4 Bxe3 35.Nd3 h5 36.c5 h4
37.Rd6 Re6 38.Rd7+ R8e7 39.Rd8 Re4 40.Rd6 R4e6 41.Rd8 Rf6 42.Ne5 Rxf3  0-1

[Event "SWE-ch"]
[Site "Malmo"]
[Date "1986.??.??"]
[Round "?"]
[White "Schussler, Harry"]
[Black "Schneider, Lars Ake"]
[Result "1/2-1/2"]
[WhiteElo "2495"]
[BlackElo "2430"]

1.Nf3 c5 2.e4 Nc6 3.d4 cxd4 4.Nxd4 Nf6 5.Nc3 d6 6.Bg5 e6 7.Qd2 a6 8.O-O-O Bd7
9.f4 b5 10.Nxc6 Bxc6 11.Qe3 Be7 12.Bxf6 Bxf6 13.e5 Be7 14.exd6 Bxd6 15.Qd4 Bf8
16.Qe3 Bd6 17.Ne4 Bxe4 18.Qxe4 O-O 19.Bd3 g6 20.h4 Qf6 21.g3 Rfd8 22.Be2 Ba3
23.Qe5 Qxe5 24.fxe5  1/2-1/2

[Event "Moscow"]
[Site "Moscow"]
[Date "1986.??.??"]
[Round "?"]
[White "Psakhis, Lev"]
[Black "Geller, Efim P"]
[Result "1/2-1/2"]
[WhiteElo "2555"]
[BlackElo "2525"]

1.e4 c5 2.Nf3 d6 3.d4 cxd4 4.Nxd4 Nf6 5.Nc3 Nc6 6.Bg5 e6 7.Qd2 a6 8.O-O-O Bd7
9.f4 Be7 10.Nf3 b5 11.Bxf6 Bxf6 12.Qxd6 Be7 13.Qd3 b4 14.Na4 Ra7 15.Qe3 Qa5
16.b3 Rb7 17.Nd2 Na7 18.Nc4 Qc7 19.Rxd7 Qxd7 20.Nc5 Bxc5 21.Qxc5 Nb5 22.e5 Qc7
23.Qxb4 Qe7 24.Qxe7+ Kxe7 25.a4 Nd4 26.Kb2 Rd8 27.Nd6 Rc7 28.Bd3 f6 29.Re1 fxe5
30.fxe5 Rf8 31.Re4 Nf5 32.Bxa6 Nxd6 33.exd6+ Kxd6 34.Re2 Rc5 35.b4 Re5 36.a5 Rxe2
37.Bxe2 e5 38.Kb3 e4 39.Kc3 Rf2 40.Kd2 Rxg2 41.a6 Kc7 42.c4 Rg1 43.c5 Kc6
44.Kc3 Re1 45.Bg4 Ra1 46.Be2 Re1 47.Bg4 Ra1 48.Be2  1/2-1/2

[Event "Munich"]
[Site "Munich"]
[Date "1986.??.??"]
[Round "?"]
[White "Pichler, Juergen"]
[Black "Deze, Anton"]
[Result "0-1"]
[WhiteElo "2325"]
[BlackElo "2420"]

1.e4 c5 2.Nf3 Nc6 3.d4 cxd4 4.Nxd4 Nf6 5.Nc3 d6 6.Bg5 e6 7.Qd2 a6 8.O-O-O Bd7
9.Be2 Nxd4 10.Qxd4 Qa5 11.Bxf6 gxf6 12.Kb1 Be7 13.f4 Bc6 14.Rhe1 Qc5 15.Qxc5 dxc5
16.Bc4 Kf8 17.f5 b5 18.Bf1 Rd8 19.g3 h5 20.a4 Rxd1+ 21.Nxd1 Bd6 22.axb5 axb5
23.Nc3 b4 24.Nb5 Be5 25.Na7 Bd7 26.Rd1 Ke7 27.Bb5 Bxb5 28.Nxb5 h4 29.Na7 hxg3
30.Nc6+ Kf8 31.hxg3 exf5 32.Nxe5 fxe5 33.exf5 Ke7 34.Rd5 Kf6 35.Rxc5 Kxf5
36.Rc4 Rh1+ 37.Ka2 e4 38.g4+ Ke5 39.Rxb4 e3 40.Rb8 Kf4 41.Re8 Kf3  0-1

[Event "New York op"]
[Site "New York"]
[Date "1986.??.??"]
[Round "?"]
[White "Garcia, Gildardo"]
[Black "Gurevich, Dmitry"]
[Result "1-0"]
[WhiteElo "2400"]
[BlackElo "2475"]

1.e4 c5 2.Nf3 d6 3.d4 cxd4 4.Nxd4 Nf6 5.Nc3 Nc6 6.Bg5 e6 7.Qd2 Be7 8.O-O-O O-O
9.Nb3 a6 10.Bxf6 gxf6 11.f4 Kh8 12.f5 Rg8 13.Ne2 Bf8 14.Kb1 b5 15.Nf4 Qe7
16.g3 Bd7 17.Bh3 a5 18.fxe6 fxe6 19.Nc5 Nd8 20.Nxd7 Qxd7 21.Rhf1 Qf7 22.Qc3 Be7
23.Qb3 a4 24.Qxb5 Rg5 25.Qd7 Re5 26.a3 Kg7 27.Bg4 Raa5 28.Rd4 Rab5 29.Be2 Rb6
30.Bh5 Qf8 31.Rc4 Rb7 32.Qxa4 d5 33.exd5 Bxa3 34.b3 exd5 35.Rc8 Qe7 36.Rxd8 Re1+
37.Rxe1 Qxe1+ 38.Ka2 Qc3 39.Nd3 Be7 40.Rg8+ Kxg8 41.Qa8+ Kg7 42.Qxb7 Qxc2+
43.Nb2 Qc5  1-0

[Event "NZD-ch"]
[Site "?"]
[Date "1986.??.??"]
[Round "?"]
[White "Garbett, Paul Anthony"]
[Black "Nokes, Roger I"]
[Result "1/2-1/2"]
[WhiteElo "2310"]
[BlackElo "2310"]

1.e4 c5 2.Nf3 Nc6 3.d4 cxd4 4.Nxd4 Nf6 5.Nc3 d6 6.Bg5 e6 7.Qd2 Be7 8.O-O-O O-O
9.f4 h6 10.Bh4 Bd7 11.Nb3 d5 12.exd5 Nxd5 13.Bxe7 Ncxe7 14.Nxd5 Nxd5 15.f5 Qc7
16.g3 Nf6 17.fxe6 Bxe6 18.Qd6 Qxd6  1/2-1/2

[Event "Philadelphia"]
[Site "Philadelphia"]
[Date "1986.??.??"]
[Round "?"]
[White "Alzate, Dario"]
[Black "Shahade, Michael"]
[Result "1-0"]
[WhiteElo "2365"]
[BlackElo "2310"]

1.e4 c5 2.Nf3 d6 3.d4 cxd4 4.Nxd4 Nf6 5.Nc3 Nc6 6.Bg5 Qb6 7.Nb3 e6 8.Qd2 Be7
9.f3 O-O 10.Be3 Qc7 11.g4 a6 12.g5 Nd7 13.a4 Rd8 14.a5 Nb4 15.f4 d5 16.exd5 Nxd5
17.Nxd5 exd5 18.Bg2 Bc5 19.Nxc5 Nxc5 20.O-O Ne4 21.Qd3 Qe7 22.f5 Bd7 23.Qd4 Re8
24.Rae1 Bb5 25.Rf4 Qc7 26.g6 f6 27.Qxd5+ Kh8 28.Bxe4 Bc6 29.Rh4 Bxd5 30.Bxd5 h6
31.Bxh6 Rxe1+ 32.Kf2  1-0